The Legend Of Zelda: BOTW, Mountains - Statistics

General Stats
  • This quiz has been taken 92 times
  • The average score is 5 of 6
Answer Stats
Hint Answer % Correct
What is the biggest mountain range in the game? Hebra
92%
What mountain is Rito village next to? Hebra
92%
What mountain in The Spring Of Wisdom on? Lanayru
91%
What mountain is Hateno village next to? Lanayru
91%
What is the hottest mountain in the game? Death Mountain
89%
What is the mountain in the Great Plateau called? Mount Hylia
64%
No matching quizzes found
Score Distribution
Percent of People with Each Score
Percentile by Number Answered
Your Score History
You have not taken this quiz